MDQL
is popping MORE tags! Check the
thread
!
Quizzes
Events
Quiz Creation
Community
Videos
Private Events
Remove Ads
Sign In
Join for FREE
Feedback
Dark Mode
Quiz Categories
Sports
Geography
Music
Movies
Television
Just For Fun
Miscellaneous
History
Literature
Language
Science
Gaming
Entertainment
Religion
Holiday
For Kids
Quiz Lab
Recent
Popular Today
Quiz Kudos Today
Editor Picks
Curator Picks
Quizzes by...
Day
Popularity
Type
Ratings
Length
Year
Community
Subscriptions
Recent Discussions
Orange Saloon
Badges
Playlists
Quests
Create
Leaderboards
Showdown
Live 5
Trivia Bingo
Activity
Puzzle Library
Sporcle Events
Private Events
Virtual Trivia
Globe League
Become a Host
Pub Owners
SporcleCon
Opinionation
Our Games
Videos
Blog
Mobile Apps
Partnerships
Remove Ads and Go Orange
Feedback
Music
Pop Music
The Beatles
Song
Album
Lyrics
Bands
Singers
Artist
Clip
Rock
Rap
Classical
Billboard
Country Music
Kpop
Taylor Swift
Music
Pop Music
The Beatles
Song
Album
Lyrics
Bands
Singers
Artist
Clip
Rock
Rap
Classical
Billboard
Country Music
Kpop
Taylor Swift
Random Quiz
Search Sporcle
×
Quiz Lab
Quiz Lab
Music
Kpop
Type answers based on single images at one time
Type answers based on single images at one time
Slideshow
Best Score? Go Orange.
Guess my kpop biases and bias wreckers (male ver.) Stats
Can you guess all of my male biases and bias wrecker?
By
kptsk15
17m
151 Questions
135 Plays
135 Plays
135 Plays
Comments
Comments
Give Quiz Kudos
Give Quiz Kudos
-
- Ratings
hide this ad
Replay
Link that replays current quiz
Next Quiz
Link to next quiz in quiz playlist
You Got
0%
They Got
Avg Score
60%
Avg Friend Score
Upgrade to see
Score Distribution
Jump to the score distribution portion of the page
Score
0/151
Timer
17:00
0
Plays Today
% Correct
Onew
93.3%
Key
93.3%
GD
93.3%
Seungri
92.6%
Jonghyun
91.9%
Youngjae
91.9%
Chen
91.1%
Daesung
91.1%
Mark
91.1%
The8
90.4%
Jun
90.4%
Hoshi
90.4%
Suho
90.4%
Xiumin
90.4%
Baekhyun
90.4%
JB
88.9%
Seungkwan
88.1%
Heechul
88.1%
Taeyong
87.4%
B.I
83%
Jin
83%
J-Hope
83%
Kyuhyun
82.2%
MJ
82.2%
I.M
82.2%
Suga
82.2%
Yuta
81.5%
Zelo
81.5%
JinJin
81.5%
Kihyun
81.5%
Doyoung
80.7%
Ten
80.7%
Youngjae
80.7%
Minhyuk
80.7%
Ilhoon
80.7%
Hyungwon
80.7%
Winwin
80%
Sungjae
80%
Sanha
80%
V
79.3%
Daehyun
78.5%
Taeil
77%
Yoseob
76.3%
Jisung
75.6%
Jinwoo
75.6%
Taecyeon
74.8%
Ren
74.8%
Yesung
74.1%
Henry
74.1%
Jae
74.1%
Donghae
73.3%
% Correct
Himchan
73.3%
Renjun
72.6%
Seunghoon
72.6%
E'Dawn
72.6%
U-Kwon
72.6%
Jinhwan
71.9%
N
71.1%
Jun.K
70.4%
Hongbin
70.4%
Eunhyuk
69.6%
Changmin
69.6%
Jr
69.6%
Aron
69.6%
Hyuk
69.6%
Jaejoong
68.9%
Wonpil
68.1%
Young K
68.1%
Minhyun
68.1%
Hui
67.4%
Jaehyo
67.4%
Sunggyu
67.4%
Baekho
67.4%
Nichkhun
66.7%
Dongwoo
66.7%
Sungyeol
65.2%
Sungjong
64.4%
Sandeul
63.7%
CNU
63%
Junho
62.2%
Yunhyeong
60%
Kikwang
60%
Zuho
60%
Gongchan
60%
Niel
60%
Wooseok
59.3%
Dowoon
58.5%
Guanlin
57.8%
Yonghwa
57.8%
Kino
55.6%
Takuya
54.8%
Heejun
54.1%
Sungjin
54.1%
Jinho
53.3%
Inseong
53.3%
Chani
53.3%
Inseong
53.3%
Jisung
53.3%
Jonghyun
53.3%
Hongki
53.3%
Cory
52.6%
Dongwoon
52.6%
% Correct
Shin
51.1%
Youngmin
49.6%
Benji
48.9%
Sungwoon
48.9%
Kwangmin
48.1%
Hansol
48.1%
Youngbin
46.7%
Wooshin
46.7%
Youjin
45.9%
Chunji
45.2%
Jaeyoon
44.4%
Jeongmin
44.4%
Sunyoul
44.4%
Jun
42.2%
Minwoo
42.2%
Kisu
41.5%
B-Joo
41.5%
Taehyun
40.7%
Kyungil
40.7%
Eric
40%
Xiao
40%
Chan
39.3%
Wow
38.5%
Jason
37.8%
Wei
36.3%
Jinhoo
35.6%
Hui
33.3%
Jeup
29.6%
Seungsik
28.9%
Hojoon
28.9%
Gunmin
28.1%
Jian
28.1%
JaeJin
27.4%
Seungwoo
27.4%
Hanse
27.4%
Donghun
26.7%
Yijeong
26.7%
Minwoo
26.7%
Subin
25.9%
Ungjae
25.9%
Jaeho
23.7%
Taeho
23.7%
Junhyuk
23%
Sang
23%
Hojung
20%
Seyoung
20%
Changsun
19.3%
Jonghoon
19.3%
Hyesung
15.6%
Quiz Playlist
Details
Report
Send in Message
Add To Playlist
Slideshow:
Type answers based on single images at one time
Last Updated: Aug 24, 2017
Quiz Scoreboard
CHALLENGE
Sign Up to Join the Scoreboard
Show All
Scores
Hide
Comments
May contain spoilers
Recently Published
Find the 'City' Movie
by crazypaving
Movies
60s
5x2 Blitz: Bands
by SL_Kpop136
Music
30s
Colored Red Africa Blitz
by spor1
Geography
30s
More to Explore
Quiz From the Vault
Featured Blog Post
14 Easter Pick-up Lines to Find Eggs With
hide this ad
You Might Also Like...
Tags
Kpop Quiz
base
male
Ver
Today's Top Quizzes in Music
Browse Music
hide this ad
Today's Top Quizzes in Kpop
Browse Kpop
Top Contributed Quizzes in Music
1
5X2 Blitz: Bands II
2
5X2 Blitz: The Beatles
3
Taylor Swift All Songs (2024)
4
5X2 Blitz: Billboard
5
Taylor Swift Logic Puzzle II
6
5X2 Blitz: Billboard II
7
5X2 Blitz: Singers
8
5X2 Blitz: Album
9
5X2 Blitz: Rock
10
5X2 Blitz: Lyrics
Explore More
Trending Topics
Harry Potter
NBA
Disney
Marvel
Kpop
Crossword
Anime
Song
Soccer
Puzzle
The Office
WWE
NFL
Country
Pokémon
hide this ad
More By:
kptsk15
Quiz
Plays
Rating
Category
Featured
Created
K-pop companies and their groups
1,205
5.00
Music
Jun 4, 2021
My Top 30 Haikyuu Characters
537
4.00
Entertainment
Aug 19, 2020
Most Viewed Kpop Songs (All time - January 2023)
486
5.00
Music
Jan 7, 2023
300 kpop songs on my old playlist (male)
481
4.00
Music
Oct 19, 2019
Name As Many Kpop Groups As You Can
480
5.00
Music
Oct 2, 2022
Go to Creator's Profile
Score Distribution
Quiz Creator Spotlight
kptsk15
Follow
Send a Message
Quizzes Created
-
Created Quiz Play Count
-
More By This Creator
Popular Quizzes Today
1
Colored Red Africa Blitz
2
Find the 'City' Movie
3
Find the US States - No Outlines Minefield
4
5x2 Blitz: Bands
5
The Countries of the World
6
Find the US States
7
Find the Countries of Europe - No Outlines Minefield
8
US States
More Music Quizzes
Songs on Harry Styles' 'Harry's House'
Quiz Lab
Trending Quizzes
Colored Red Europe Blitz I
Colored Red Africa Blitz II
Colored Red Europe Blitz II
Colored Red Europe Blitz III
Colored Red Africa Blitz III
Recently Updated
How Do You Spell That?
pecheneg
Godzilla Movies
pecheneg
Grab Bag: 4-10 Letters
pecheneg
2024 March Madness Bracket
pecheneg
Famous TV Couples
Peacemaker
Champions League XIs: Real Madrid
pecheneg
Largest US Cities 1790-2010
pecheneg
Rides in Walt Disney World
pecheneg
Most Oscar Losses (Acting)
pecheneg
Beyoncé Albums
pecheneg
Trending Topics
Anime
NBA
Harry Potter
Kpop
Disney
Marvel
Crossword
NFL
Puzzle
The Office
Pokémon
Soccer
Song
Country
WWE
Your Account Isn't Verified!
In order to create a playlist on Sporcle, you need to verify the email address you used during registration. Go to your
Sporcle Settings
to finish the process.
Report this User
Report this user for behavior that violates our
Community Guidelines
.
Details:
Send Report
Go to the Sporcle.com Mobile Site →
Comments